Online
Catalog

Derecho penal internacional / (Record no. 13516)

MARC details
000 -CABECERA
campo de control de longitud fija 00924cam a2200229 a 4500
001 - NÚMERO DE CONTROL
campo de control 000013911
005 - FECHA Y HORA DE LA ÚLTIMA TRANSACCIÓN
campo de control 20240508200520.0
008 - DATOS DE LONGITUD FIJA--INFORMACIÓN GENERAL
campo de control de longitud fija 910517s1911 sp 000 0 spa d
040 ## - FUENTE DE LA CATALOGACIÓN
Centro catalogador/agencia de origen DO-SdBNP
Lengua de catalogación spa
Centro/agencia transcriptor BNPHU
082 ## - NÚMERO DE LA CLASIFICACIÓN DECIMAL DEWEY
Número de clasificación 341
Número de documento/Ítem D542d, 1911
100 1# - ENTRADA PRINCIPAL--NOMBRE DE PERSONA
Nombre de persona Díaz, Miguel P.
9 (RLIN) 31526
245 10 - MENCIÓN DE TÍTULO
Título Derecho penal internacional /
Mención de responsabilidad, etc. Miguel P. Díaz ; con un prólogo por el doctor Estanislao Zeballos.
250 ## - MENCIÓN DE EDICIÓN
Mención de edición 2. ed.
260 ## - PUBLICACIÓN, DISTRIBUCIÓN, ETC.
Lugar de publicación, distribución, etc. Madrid :
Nombre del editor, distribuidor, etc. Librería General de Victoriano Suárez,
Fecha de publicación, distribución, etc. 1911.
300 ## - DESCRIPCIÓN FÍSICA
Extensión xvi, 245 p. ;
Dimensiones 20 cm.
490 1# - MENCIÓN DE SERIE
Mención de serie Biblioteca de derecho y de ciencias sociales
500 ## - NOTA GENERAL
Nota general Apendice: La jurisdiccion en el Rio de la Plata y las relaciones internacionales. El pensamiento politico de Emilio Mitre.
650 #0 - PUNTO DE ACCESO ADICIONAL DE MATERIA--TÉRMINO DE MATERIA
Término de materia o nombre geográfico como elemento de entrada Derecho internacional
9 (RLIN) 3258
650 #0 - PUNTO DE ACCESO ADICIONAL DE MATERIA--TÉRMINO DE MATERIA
Término de materia o nombre geográfico como elemento de entrada Derecho penal
9 (RLIN) 17405
700 1# - PUNTO DE ACCESO ADICIONAL--NOMBRE DE PERSONA
Nombre de persona Zeballos, Estanislao
Término indicativo de función/relación pról.
9 (RLIN) 31527
830 #0 - PUNTO DE ACCESO ADICIONAL DE SERIE-TÍTULO UNIFORME
Título uniforme Biblioteca de derecho y de ciencias sociales ;
9 (RLIN) 31528
Holdings
Estado de retiro Estado de pérdida Restricciones de uso No para préstamo Código de colección Localización permanente Ubicación/localización actual Ubicación en estantería Fecha de adquisición Número de inventario Total de préstamos Signatura topográfica completa Código de barras Fecha visto por última vez Precio válido a partir de Tipo de ítem Koha
    Préstamo interno   Monografías: Libros y Folletos General General En catalogación 01.12.2009 LF1   341 D542d, 1911 13911-10 25.06.2020 25.06.2020 Préstamo interno

Powered by Koha